000 00740cam a22002413a 4500
001 31582
003 PGUSA
005 20140828083701.0
008 100310s2010||||xxu|||||s|||||000 | eng d
040 _aPGUSA
_beng
042 _adc
050 4 _aML
100 1 _aWyatt, E. G. P.
_q(Edward Gerald Penfold),
_d1869-
245 1 0 _aSt. Gregory and the Gregorian Music
_h[electronic resource] /
_cE. G. P. Wyatt
260 _bProject Gutenberg,
_c2010
506 _aPublic domain in the USA.
516 _aElectronic text
653 _aGregory I, Pope, approximately 540-604
653 _aGregorian chants -- History and criticism
830 0 _aProject Gutenberg
_v31582
856 4 0 _uhttp://www.gutenberg.org/ebooks/31582
942 _cEB
999 _c260837
_d260837